00404 2200169 4500001002100000005001500021008004100036035001900077041000700096082000800103090001400111100001300125245002300138260003800161300001800199650001700217INLIS00000000001904220241224115625241224||||||||| | ||| |||| || |  0010-1224019042 aid0 a813 a813 SOE d0 aSoekardi00aDI ATAS JALAN RAYA aJakartabMusi Perkasa Utamac2005 a83hlm;14,5x21 0acerita fiksi